=LDR 00000nam 2200000 4500 =001 INLIS000000000025980 =005 20230607014014 =035 ##$$a 0010-061300000025980 =008 230607###########################0###### =041 ##$$a Ind =082 ##$$a 2X0.32 =090 ##$$a 2X0, Sul s =100 ##$$a Suhelmi, Ahmad =245 1#$$a Soekarno Versus Natsir : $b Kemengan Barisan Megawati Reinkarnasi Nasionalis Sekuler /$c Ahmad Sulhelmi =260 ##$$a Jakarta :$b Darul Falah,$c 1999 =300 ##$$a 143 hlm ; $c 23 cm =650 #4$$a Soekarno =850 ##$$a NBPNMAT =084 ##$$a 2X0.32 SUH s =990 ##$$a 00052558